Statistics for Brie Larson - Roles by Picture

Click here to take the quiz!

General Stats

  • This quiz has been taken 6 times
  • The average score is 9 of 42

Answer Stats

Answer% Correct
Captain Marvel / Carol Danvers
83%
Angie Ford
33%
Beatrice 'The Bear' Leep
33%
Courtney Enders
33%
Emily Stewart
33%
Envy Adams
33%
Kit
33%
Krista Eisenberg
33%
Liz Daniels
33%
Rachel / Samantha
33%
Racing Girl #2
33%
Six Chick
33%
Allison
17%
Amy Phillips
17%
Ashley
17%
Cassidy Roy
17%
Clara
17%
College Girl
17%
Emily Donaldson
17%
Eva Ansley
17%
Frime Haim
17%
Grace Howard
17%
Helen
17%
Jeannette Walls
17%
Joy 'Ma' Newsome
17%
Justine
17%
Kate
17%
Kate Gregson
17%
Katerin
17%
Kim Townsend
17%
Linda
17%
Mason Weaver
17%
Max
17%
Molly Tracey
17%
Monica Martello
17%
Myrtle
17%
Rachel
17%
Sara
17%
Stephanie Jouseski
17%
Suzy Decker
17%
The Writer
17%
C.C. Toxic
0%

Score Distribution

Percentile by Number Answered

Percent of People with Each Score

Your Score History

You have not taken this quiz